000
00223nam a2200085Ia 4500
245
0
_a
Protecting forests
100
_a
DALGLEISH, Sharon Philadelphia, 2003
942
_c
BK
008
210817s9999 xx 000 0 und d
999
_c
397680
_d
397679